Logo BPK

Biblioteka

Politechniki Koszalińskiej

Spravocnik po teploobmennym apparatam malych cholodilnych masin / (Rekord nr 16286)

Szczegóły MARC
000 -ETYKIETA REKORDU
podpole kontrolne o stałej długości 00351nam a2200133 i 4500
001 - NUMER KONTROLNY REKORDU
pole kontrolne bg
040 ## - ŹRÓDŁO KATALOGOWANIA
Instytucja, która utworzyła rekord BPK
041 ## - KOD JĘZYKA
Kod języka tekstu pol
008 - POLE O STAŁEJ DŁUGOŚCI - DANE KONTROLNE
podpole kontrolne o stałej długości s pl f |000 0 pol
100 1# - NAZWA OSOBOWA
Nazwa osobowa ZELIKOVSKIJ, I. Ch.
245 #0 - TYTUŁ/ODPOWIEDZIALNOŚĆ
Tytuł Spravocnik po teploobmennym apparatam malych cholodilnych masin /
Pozostałe elementy strefy tytułu i oznaczenia odpowiedzialności I.Ch. Zelikovskij.
260 ## - STREFA ADRESU WYDAWNICZEGO
Miejsce wydania Moskva,
Data publikacji, dystrybucji/powstania dokumentu 1973.
856 ## - LOKALIZACJA I DOSTĘP DO ELEKTRONICZNYCH DOKUMENTÓW ZDALNYCH
Link (URL) http://koha.tu.koszalin.pl/cgi-bin/koha/opac-detail.pl?biblionumber=16286
Tekst linku Katalog online BPK
942 ## - DODATKOWE ELEMENTY (KOHA)
Typ dokumentu Książka
Egzemplarze
Wycofany Status egzemplarza Uszkodzony Dostępność Lokalizacja stała Lokalizacja bieżąca Numer ubytku Sygnatura Kod kreskowy Typ dokumentu Miejsce przechowywania
  Egz. niedostępny   Niedostępny Biblioteka Politechniki Koszalińskiej Biblioteka Politechniki Koszalińskiej 11928 19932 01708615 Książka  
      Dostępny Biblioteka Politechniki Koszalińskiej Biblioteka Politechniki Koszalińskiej   19933 01708622 Książka Wypożyczalnia BG
  Egz. niedostępny   Niedostępny Biblioteka Politechniki Koszalińskiej Biblioteka Politechniki Koszalińskiej 11929 19934 01708639 Książka  
  Egz. niedostępny   Niedostępny Biblioteka Politechniki Koszalińskiej Biblioteka Politechniki Koszalińskiej 11930 19935 01708646 Książka  
© 2023 Biblioteka Politechniki Koszalińskiej :: KOHA